Normal view
MARC view
Entry Topical Term
001 - CONTROL NUMBER
- control field: 895
003 - CONTROL NUMBER IDENTIFIER
- control field: BD-RjUL
005 - DATE AND TIME OF LATEST TRANSACTION
- control field: 20220126101443.0
008 - FIXED-LENGTH DATA ELEMENTS
- fixed length control field: 220126|| aca||aabn | a|a d
040 ## - CATALOGING SOURCE
- Original cataloging agency: BD-RjUL
- Transcribing agency: BD-RjUL
150 ## - HEADING--TOPICAL TERM
- Topical term or geographic name entry element: Ophthalmology
- Form subdivision: Early works to 1800
670 ## - SOURCE DATA FOUND
- Source citation: Work cat.: (BD-RjUL)79254: الحلبي، خليفة بن أبي المحاسن = Al-Halabi, Khalifah ibn Abi al- Mahasin 656 ah - 1256 ad 892, الكافي في الكحل = Al - Kafifial - Kuhl, ١٩٩0 م. ١٤١٥ هج.